000 00841nam a2200193 a 4500
003 0
005 20250514095449.0
008 970101s19uu xx 00 eng d
050 _aPHS HQ 755.8
_b.A26 2004
100 _aAcosta, Rianne Ramos.
245 _aThe Effects of single parenthood on the career choices based on academic performance of selected fourth year students from selected private schools in the Parañaque and Las Piñas /
_cRianne Ramos Acosta.
260 _aLas Piñas City, Philippines :
_bSouthville International School and Colleges,
_c2004.
300 _a32 pages :
_billustrations ;
_c28 cm.
504 _aIncludes bibliographical references.
650 _aSingle-parent families
_zPhilippines.
650 _aCareer choice
_zPhilippines.
650 _aParenting
_xEffect on education
_zPhilippines.
942 _2lcc
_cPASS
999 _c97075
_d97075